| 000 | 00604nam a22001937a 4500 | ||
|---|---|---|---|
| 005 | 20140425122459.0 | ||
| 010 | _aENG-109507 | ||
| 020 |
_c875.00 _a9788125054238 |
||
| 035 | _aEN-93040 | ||
| 037 | _bDBAD/PUB | ||
| 082 | _a306.20954 | ||
| 245 | 0 | 0 |
_aBorderland lives in northern South Asia / _cedited by David N. Gallner |
| 260 |
_aNew Delhi _bOrient Blakswan _c2014 |
||
| 270 |
_a1/24 Asaf Ali Road _bNew Delhi _e110002 |
||
| 300 |
_a310p. _c24cm(Hb) |
||
| 500 | _aIncludes bibliographical references and index | ||
| 700 | _aGellner, David N. | ||
| 942 |
_2ddc _cEN _mBOR _h306.20954 |
||
| 999 |
_c82839 _d82839 |
||